[Event "Pan American-ch Hybrid U14 31st"]
[Site "Tornelo INT"]
[Date "2021.09.04"]
[Round "8"]
[White "Gillette, James"]
[Black "Mano, Syon"]
[Result "0-1"]
[WhiteElo "1039"]
[BlackElo "1198"]
[PlyCount "130"]
[EventDate "2021.09.04"]
[EventType "swiss"]
[EventRounds "9"]
[EventCountry "NET"]
[SourceTitle "EXT 2023"]
[Source "ChessBase"]
[SourceDate "2022.10.05"]
[SourceVersion "1"]
[SourceVersionDate "2022.10.05"]
[SourceQuality "1"]

1. e4 e5 2. Nf3 Nc6 3. Bc4 Nf6 4. d3 Bc5 5. 0-0 0-0 6. c3 Bb6 7. d4 exd4 8. cxd4 d5 9. exd5 Nxd5 10. Nc3 Be6 11. Bg5 Qd7 12. Ne5 Nxe5 13. dxe5 Nxc3 14. bxc3 Qxd1 15. Raxd1 Bxc4 16. Rfe1 h6 17. Bh4 g5 18. Bg3 Bxa2 19. h3 Rad8 20. Ra1 Rd2 21. Rac1 h5 22. h4 gxh4 23. Bxh4 Re8 24. c4 Bc5 25. Rc3 Kh7 26. Kh1 Bxf2 27. Bxf2 Rxf2 28. Kg1 Rd2 29. Rf1 Kg7 30. Rg3+ Kf8 31. Rgf3 Bxc4 32. Re1 Ke7 33. Rc3 b5 34. Rcc1 Ra8 35. Rc3 a5 36. Ra1 Rd3 37. Rc2 a4 38. Rb2 a3 39. Rc2 a2 40. Kh2 Kd7 41. Rcc1 Bd5 42. Re1 Rda3 43. Red1 Ke6 44. Re1 b4 45. Re2 b3 46. Rb2 Kxe5 47. Kh3 Kd4 48. Rd2+ Kc3 49. Rf2 b2 50. Re1 b1Q 51. Rxb1 axb1Q 52. Kh2 Bxg2 53. Rxg2 Ra2 54. Rxa2 Rxa2+ 55. Kh3 Qd3+ 56. Kh4 Ra4+ 57. Kxh5 Qd5+ 58. Kh6 Ra6+ 59. Kg7 Qg5+ 60. Kf8 Ra8+ 61. Kxf7 Qf5+ 62. Ke7 c5 63. Kd6 Ra6+ 64. Ke7 Qh7+ 65. Kd8 Ra8# 0-1

[Event "Pan American-ch Hybrid U14 31st"]
[Site "Tornelo INT"]
[Date "2021.09.04"]
[Round "3"]
[White "Mano, Syon"]
[Black "Clark, Tarquin"]
[Result "0-1"]
[WhiteElo "1198"]
[BlackElo "1025"]
[PlyCount "102"]
[EventDate "2021.09.04"]
[EventType "swiss"]
[EventRounds "9"]
[EventCountry "NET"]
[SourceTitle "EXT 2023"]
[Source "ChessBase"]
[SourceDate "2022.10.05"]
[SourceVersion "1"]
[SourceVersionDate "2022.10.05"]
[SourceQuality "1"]

1. c4 e5 2. g3 Nc6 3. Bg2 Bc5 4. Nc3 d6 5. Nf3 f5 6. 0-0 h6 7. e3 Be6 8. b3 e4 9. Ne1 Nf6 10. d4 exd3 11. Nxd3 Bb6 12. Nf4 Bf7 13. Qc2 g5 14. Nfd5 Bg6 15. e4 fxe4 16. Bxe4 Nxe4 17. Nxe4 Kf7 18. Re1 Re8 19. Bb2 Bd4 20. Bxd4 Nxd4 21. Qd3 Nc6 22. Qf3+ Kg7 23. Qc3+ Kf7 24. Nef6 Rxe1+ 25. Rxe1 Ne5 26. f4 gxf4 27. gxf4 Nd3 28. Rf1 c6 29. f5 Bh7 30. Qxd3 cxd5 31. Nxd5 Qg5+ 32. Qg3 Rg8 33. Qxg5 Rxg5+ 34. Kf2 Rxf5+ 35. Ke2 Rxf1 36. Kxf1 Ke6 37. Kf2 Ke5 38. Ke3 Be4 39. Nc7 Bb1 40. a3 Ba2 41. Kf3 Bxb3 42. Kg4 Kf6 43. Ne8+ Ke7 44. Nc7 Bxc4 45. Kh5 Kd7 46. Kxh6 Kxc7 47. Kg6 Kb6 48. h4 Ka5 49. h5 Ka4 50. h6 Kxa3 51. h7 Bd3+ 0-1

[Event "American World Cup Q Prelim"]
[Site "Tornelo INT"]
[Date "2021.05.09"]
[Round "5"]
[White "Mano, Syon"]
[Black "Lashley, Keon"]
[Result "0-1"]
[WhiteElo "1198"]
[BlackElo "1059"]
[PlyCount "58"]
[EventDate "2021.05.08"]
[EventType "swiss (rapid)"]
[EventRounds "9"]
[EventCountry "USA"]
[SourceTitle "CBM 202 Extra"]
[Source "ChessBase"]
[SourceDate "2021.07.31"]
[SourceVersion "1"]
[SourceVersionDate "2021.07.31"]
[SourceQuality "1"]

1. c4 e5 2. g3 Nc6 3. Bg2 Bc5 4. Nc3 Nf6 5. e4 d6 6. Nge2 Bg4 7. 0-0 Nd4 8. h3 Bf3 9. Bxf3 Nxf3+ 10. Kg2 Ng5 11. d3 Qd7 12. Bxg5 h6 13. Bc1 g5 14. Be3 g4 15. hxg4 Nxg4 16. Bxc5 dxc5 17. Qd2 h5 18. Rh1 h4 19. gxh4 0-0-0 20. Rad1 Rdg8 21. Ng3 Qe7 22. f3 Nf6 23. Nce2 Nh5 24. Rh3 Qf6 25. Rf1 Nf4+ 26. Kg1 Nxh3+ 27. Kh2 Qxh4 28. Kg2 Nf4+ 29. Nxf4 Qh2# 0-1

[Event "American World Cup Q Prelim"]
[Site "Tornelo INT"]
[Date "2021.05.09"]
[Round "6"]
[White "Medina, Joshua"]
[Black "Mano, Syon"]
[Result "0-1"]
[WhiteElo "1321"]
[BlackElo "1198"]
[PlyCount "118"]
[EventDate "2021.05.08"]
[EventType "swiss (rapid)"]
[EventRounds "9"]
[EventCountry "USA"]
[SourceTitle "CBM 202 Extra"]
[Source "ChessBase"]
[SourceDate "2021.07.31"]
[SourceVersion "1"]
[SourceVersionDate "2021.07.31"]
[SourceQuality "1"]

1. e4 e5 2. Nf3 Nc6 3. Bb5 Nf6 4. d4 exd4 5. e5 Nd5 6. 0-0 Be7 7. Nxd4 Nxd4 8. Qxd4 c6 9. Bc4 d6 10. Bxd5 cxd5 11. Nc3 0-0 12. exd6 Qxd6 13. Qxd5 Qxd5 14. Nxd5 Bd6 15. Be3 Be6 16. Nf4 Bf5 17. c3 Rfe8 18. Ne2 b6 19. Nd4 Bg6 20. Nb5 Be5 21. Rfe1 Bd3 22. Na3 Rad8 23. g3 Ba6 24. Rad1 f6 25. Rxd8 Rxd8 26. f4 Bd6 27. Rd1 Kf7 28. Kf2 Ke7 29. Nc2 Rc8 30. Nd4 Bc5 31. Nf5+ Kf7 32. Bxc5 Rxc5 33. Nd6+ Ke7 34. Ne4 Rc6 35. g4 Re6 36. Ng3 g6 37. f5 gxf5 38. gxf5 Re5 39. Re1 Kd6 40. Rxe5 Kxe5 41. Ke3 Bb7 42. h4 Bc8 43. b4 Bxf5 44. Nxf5 Kxf5 45. Kf3 h5 46. a4 a6 47. c4 Ke5 48. c5 bxc5 49. bxc5 Kd5 50. Kf4 Kxc5 51. Kf5 Kb4 52. Kxf6 Kxa4 53. Kg5 Kb3 54. Kxh5 a5 55. Kg6 a4 56. h5 a3 57. h6 a2 58. h7 a1Q 59. h8Q Qxh8 0-1